| 000 | 01254nam a2200301 i 4500 | ||
|---|---|---|---|
| 001 | bg | ||
| 245 | 0 | 0 |
_aCzłowiek, kultura, edukacja : _bpraca / _cpod red. Marii Reut. _nT. 2. |
| 246 | 1 | 1 | _aMan, culture, education |
| 260 |
_aWrocław : _bOficyna Wydawnicza PW, _c1995. |
||
| 300 |
_a225, [1] s. ; _c24 cm. |
||
| 490 | 1 |
_aPrace Naukowe Instytutu Nauk Ekonomiczno-Społecznych Politechniki Wrocławskiej. Studia i Materiały = _aScientific Papers of the Institute of Economic and Social Sciences of the Technical University of Wrocław. Studies and Research, _x0239-3212 ; _v18 |
|
| 500 | _aTyt. równol. : Man, culture, education. | ||
| 500 | _aNumeracja ser. gł. : 53. | ||
| 504 | _aBibliogr., summ. przy pracach. | ||
| 650 | 9 | _aAntropologia filozoficzna | |
| 650 | 9 | _aKomunikacja społeczna | |
| 650 | 9 |
_aNauczyciele _xszkolenie |
|
| 650 | 9 | _aOsobowość | |
| 650 | 9 |
_aWolność _xfilozofia |
|
| 655 | _aMateriały konferencyjne | ||
| 700 | 1 |
_aREUT, Maria. _eRed. |
|
| 830 | 0 |
_aPrace Naukowe Instytutu Nauk Ekonomiczno-Społecznych Politechniki Wrocławskiej. _pStudia i Materiały ; _v18 |
|
| 040 | _cBPK | ||
| 041 | 0 |
_apl _ben |
|
| 080 | _a1:159.9:316.47:37.018.2](061.3) | ||
| 942 | _cKS | ||
| 008 | s pl f |000 0 pol | ||
| 999 |
_c31054 _d31054 |
||
| 856 |
_uhttp://koha.tu.koszalin.pl/cgi-bin/koha/opac-detail.pl?biblionumber=31054 _yKatalog online BPK |
||